000 01128nam0a22002891 4500
001 v19\rc\1404003
005 20250618101822.0
035 _a(NLR Aleph) 004533876
090 _a1908779
_c1908779
100 _a20060512e18741874|||y0rusy50 ca
101 0 _arus
102 _aRU
105 _ay j |||||
200 1 _aАзбука для получения новых сортов земляники
_e(Ст. почет. чл. Рос. о-ва любителей садоводства
_f[Соч.] К.В. Третьякова)
210 _aМосква
_cпеч. С.П. Яковлева
_dценз. 1874
215 _a9 с.
_d25
309 _aБез тит. л. и обл.
311 _aИз "Журн. садоводства". 1874, № 9
488 0 _12001#$aЖурнал садоводства$v1874, № 9
_tЖурнал садоводства
700 1 _aТретьяков
_bК.В.
_gКонстантин Владимирович
801 0 _aRU
_bNLR
_gpsbo
801 0 _aRU
_bRuMoRGB
_2psbo
801 1 _aRU
_bProSoft-M
_2rusmarc
852 _aNLR
_j18.114.8.78
899 _aRuMoRGB
_jN 21/108
942 _cBOOK
980 _aNB